00973cam a22002291 4500001000500000005001700005008004100022020001700063040002500080050001800105082000800123100002200131245008300153260005700236300005600293490002700349505000800376520027100384521002000655521002000675700004800695115920230825153804.0790226s1946 nyu j 000 0 eng  a033500713002 aDLCcNmLcUdDLCbeng00aPZ10.3.S3bSh aFic1 aSchurr, Cathleen.14aThe shy little kitten;cpictures by Gustaf Tenggren, story by Cathleen Schurr. aNew York,bWestern Publishing Company , Inc.,c1946. a23 unnumbered pages:bColors, Illustrations.c21 cm0 aThe Little golden book aF  aOne beautiful day, a shy little kitten embarks on a journey filled with adventure! In the course of her wanderings, she meets an interesting and often amusing collection of fellow creatures. The Shy Little Kitten, with illustrations by the renowned Gustaf Tenggren.  a300 bLexile  aF bRaz-Plus 1 aTenggren, Gustaf,d1896-1970,eillustrator.